• 首页
  • 本馆介绍
  • 公告通知
  • 最新文献
  • 馆藏检索
  • 电子资源
  • 读者导购
  • 参考咨询
  • 我的图书馆
  • 登录
  • 详细信息显示
  • 放入我的书架
  • 预约/预借图书
  • 作者相关作品
  • 分类相关作品
  • 丛书相关作品
  • 出版社相关作品

书目信息

  • 表格格式
  • 工作单格式
  • 卡片格式
题名:
精算珠三角
    
 
作者: 胡海林 , 王莉 著
分册:  
出版信息: 北京   人民出版社  2012
页数: 268页
开本: 23cm
丛书名:
单 册:
中图分类: F127.65
科图分类:
主题词: 区域经济发展 , 竞争力
电子资源:
ISBN: 978-7-01-010968-8
000 01235nam0 2200301 450
001 523
005 20140908162648.68
010    @a978-7-01-010968-8@dCNY40.00
100    @a20120907d2012 em y0chiy50 ea
101 0  @achi
102    @aCN@b110000
105    @ay z 000yy
106    @ar
200 1  @a精算珠三角@AJing Suan Zhu San Jiao@e珠三角经济社会发展竞争力评价基础研究@EZhu San Jiao Jing Ji She Hui Fa Zhan Jing Zheng Li Ping Jia Ji Chu Yan Jiu@f胡海林,王莉著@FHu Hai Lin, Wang Li Zhu
210    @a北京@c人民出版社@d2012
215    @a268页@d23cm
300    @a澳门理工学院重点研究项目课题
330    @a本书全面系统搜集了珠三角近十年经济社会发展数据,构建了珠三角区域竞争力评价及数量测度框架体系,系统精算出珠三角区域各经济体的总体竞争力、各要素竞争力,并指出各自优劣所在。
517 1  @a珠三角经济社会发展竞争力评价基础研究@AZhu San Jiao Jing Ji She Hui Fa Zhan Jing Zheng Li Ping Jia Ji Chu Yan Jiu
606 0  @a区域经济发展
606 0  @a竞争力
607    @a珠江三角洲@x区域经济发展@x竞争力@x研究
607    @a珠江三角洲
690    @aF127.65@v5
701  0 @a胡海林@AHu Hai Lin@c(经济)@4著
701  0 @a王莉@AWang Li@c(女,经济)@4著
801  0 @aCN@bTANGWEI@c20140603
905    @b0841379-81@dF127.65@e234@f3
    
    精算珠三角:珠三角经济社会发展竞争力评价基础研究/胡海林,王莉著.-北京:人民出版社,2012
    268页;23cm
    澳门理工学院重点研究项目课题
    
    ISBN 978-7-01-010968-8:CNY40.00
    本书全面系统搜集了珠三角近十年经济社会发展数据,构建了珠三角区域竞争力评价及数量测度框架体系,系统精算出珠三角区域各经济体的总体竞争力、各要素竞争力,并指出各自优劣所在。
●
相关链接 在E读中查询图书 在五车中查询图书 在当当中查询图书 在豆瓣中查询图书


正题名:精算珠三角     索取号:F127.65/234         预约/预借

序号 登录号 条形码 馆藏地/架位号 状态 备注
1 0841379   208413796   第一样本阅览室/ [索取号:F127.65/234] 在馆    
2 0841380   208413803   第一借阅区/ [索取号:F127.65/234] 在馆    
3 0841381   208413812   密集书库-海洋学院/ [索取号:F127.65/234] 在馆    
唐山师范学院图书馆 欢迎您!
大连网信软件有限公司© 版权所有